01330nam a2200229 a 4500001001000000003000900010005001700019008004100036040002500077082002200102100004200124245012400166260014100290300002100431490003000452504004100482505044200523650004000965650003701005700002601042830003201068000016783DO-SdBNP20250410123259.0100310s1994 dr 000 0 spa d aDO-SdBNPbspacBNPHU a379.097293bF438c1 aFiallo Billini, José Antinoed1944-10aCultura, ciencia, educación y construcción del conocimiento /cJosé Antinoe Fiallo Billini, Alejandrina Germán. aSanto Domingo :bPublicaciones del Sector Educación del PNUD y la Secretaría de Estado de Educación, Bellas Artes y Cultos,c1994. a412 p. ;c25 cm.1 aPolíticas educativasv2 aBibliografías: p. 157-182, 347-3760 aIntroducción -- Objetivos de la investigación -- Marco conceptual -- Cultura, nación e identidad en los procesos históricos dominicanos -- Notas y citas bibliográficas -- Antecedentes de los planes y programas de estudios vigentes -- Planes de estudios vigentes -- En relación al nivel medio o secundario -- Programas de estudios -- Programas de educación media -- Consideraciones finales -- Citas y notas bibliográficas. 4aEducaciónzRepública Dominicana 4aAntropología de la educación1 aGermán, Alejandrina 0aPolíticas educativas ;n2